[Event "Brønshøj Lang Weekend 2015"]
[Site "?"]
[Date "2015.02.08"]
[Round "4.8"]
[White "Nielsen, Klaus"]
[Black "Tandrup, Michael"]
[Result "*"]
[BlackElo "1958"]
[WhiteElo "2094"]
[LiveChessVersion "1.4.5"]

1. e4 {[%clk 1:30:02]} g6 {[%clk 1:28:50]} 2. d4 {[%clk 1:30:21]} Bg7
{[%clk 1:28:55]} 3. c3 {[%clk 1:26:58]} d6 {[%clk 1:28:41]} 4. Be3
{[%clk 1:23:48]} a6 {[%clk 1:27:56]} 5. Nd2 {[%clk 1:23:10]} Nd7 {[%clk 1:23:08]}
6. Be2 {[%clk 1:22:14]} e5 {[%clk 1:19:42]} 7. dxe5 {[%clk 1:21:08]} Nxe5
{[%clk 1:17:56]} 8. f4 {[%clk 1:19:58]} Ng4 {[%clk 1:09:49]} 9. Nf1
{[%clk 1:14:21]} Nxe3 {[%clk 1:08:23]} 10. Nxe3 {[%clk 1:14:19]} Ne7
{[%clk 1:05:53]} 11. Qc2 {[%clk 1:12:54]} f5 {[%clk 0:57:18]} 12. O-O-O
{[%clk 1:11:41]} Be6 {[%clk 0:56:02]} 13. Nf3 {[%clk 1:10:43]} Qd7
{[%clk 0:51:08]} 14. Ng5 {[%clk 0:59:04]} O-O-O {[%clk 0:45:01]} 15. e5
{[%clk 0:56:15]} h6 {[%clk 0:41:22]} 16. Nxe6 {[%clk 0:50:57]} Qxe6
{[%clk 0:41:49]} 17. Bc4 {[%clk 0:50:45]} d5 {[%clk 0:39:37]} 18. Bb3
{[%clk 0:48:16]} c5 {[%clk 0:32:59]} 19. c4 {[%clk 0:47:26]} d4 {[%clk 0:22:17]}
20. Nd5 {[%clk 0:45:20]} h5 {[%clk 0:20:39]} 21. h4 {[%clk 0:44:06]} Kb8
{[%clk 0:20:26]} 22. Kb1 {[%clk 0:42:08]} Rc8 {[%clk 0:18:09]} 23. Rh3
{[%clk 0:41:23]} Rhd8 {[%clk 0:16:09]} 24. Rg3 {[%clk 0:39:00]} Nc6
{[%clk 0:12:43]} 25. a3 {[%clk 0:36:20]} Bf8 {[%clk 0:11:30]} 26. Nf6
{[%clk 0:26:23]} Qf7 {[%clk 0:11:15]} 27. Nd5 {[%clk 0:21:07]} Qe6
{[%clk 0:11:05]} 28. Ba4 {[%clk 0:15:10]} Ne7 {[%clk 0:09:52]} 29. Bb3
{[%clk 0:14:11]} Nc6 {[%clk 0:10:01]} 30. Nb6 {[%clk 0:13:22]} Rc7
{[%clk 0:10:10]} 31. Nd5 {[%clk 0:12:56]} Rcc8 {[%clk 0:10:10]} 32. Rgd3
{[%clk 0:11:38]} Be7 {[%clk 0:10:02]} 33. Qf2 {[%clk 0:11:26]} Bf8
{[%clk 0:08:36]} 34. Re1 {[%clk 0:09:28]} Be7 {[%clk 0:08:18]} 35. Rh1
{[%clk 0:07:09]} Rg8 {[%clk 0:07:41]} 36. Rc1 {[%clk 0:03:00]} Bd8
{[%clk 0:07:54]} 37. g3 {[%clk 0:02:19]} Ka7 {[%clk 0:07:49]} 38. Qg2
{[%clk 0:02:04]} Nb8 {[%clk 0:05:56]} 39. Bd1 {[%clk 0:02:12]} Nc6
{[%clk 0:05:38]} 40. Bf3 {[%clk 0:17:03]} Rg7 {[%clk 0:20:17]} 41. Kc2
{[%clk 0:16:58]} b6 {[%clk 0:16:44]} 42. Kd1 {[%clk 0:15:12]} a5 {[%clk 0:16:09]}
43. Qc2 {[%clk 0:15:18]} Kb8 {[%clk 0:15:10]} 44. Qa4 {[%clk 0:15:13]} Na7
{[%clk 0:14:23]} 45. Rb3 {[%clk 0:11:18]} Rb7 {[%clk 0:13:35]} 46. Nf6
{[%clk 0:08:50]} b5 {[%clk 0:12:26]} 47. cxb5 {[%clk 0:08:09]} c4
{[%clk 0:10:36]} 48. Bd5 {[%clk 0:08:09]} Qb6 {[%clk 0:09:18]} 49. Rxc4
{[%clk 0:06:42]} Bxf6 {[%clk 0:07:48]} 50. Bxb7 {[%clk 0:05:28]} Qxb7
{[%clk 0:06:06]} 51. Rxc8+ {[%clk 0:05:41]} Nxc8 {[%clk 0:06:13]} 52. exf6
{[%clk 0:05:47]} Qh1+ {[%clk 0:06:04]} 53. Kc2 {[%clk 0:04:51]} Qg2+
{[%clk 0:06:18]} 54. Kb1 {[%clk 0:05:10]} Qe4+ {[%clk 0:02:13]} 55. Ka1
{[%clk 0:04:39]} Nb6 {[%clk 0:01:32]} 56. Qxa5 {[%clk 0:04:36]} Nc4
{[%clk 0:01:18]} 57. Qd8+ {[%clk 0:04:59]} Kb7 {[%clk 0:01:09]} *